000 00777nas a2200253 4500
001 BR0300521
003 BR-BrBNA
005 20231205103540.0
007 ta
008 230509b bl.|||p| |||| 00| 00por d
040 _aBR-BrBNA
_bpor
_cBiblioteca Nacional de Agricultura
041 _a(Pt)
072 _aF62
100 1 _aPimenta, C.J.
100 1 _aChagas, S.J.R.
100 1 _aCosta, L.
245 1 _aPectinas e enzimas pectinolíticas em café (Coffea arabica L.)colhido em quatro estádios de maturação
650 _aCAFÉ
650 _aMATURAÇÃO
650 _aPECTINA
773 0 _tCiência e Agrotecnologia (Brazil)
_xISSN 1413-7054
_g(Oct-Dec 2000), v. 24(4) p. 1079-1083
_wBR0300521
909 _a202311
_bLúcia
_c55
_dLúcia Elande
942 _2AGRIS
_n0
_cANA
999 _c173455
_d173455